| 000 | 01628nam0a2200325 4500 | ||
|---|---|---|---|
| 001 | RU\NLR\bibl\945332 | ||
| 005 | 20260406051530.0 | ||
| 010 |
_a5-7709-0409-7 _95000 |
||
| 021 |
_aRU _b2006-21366 _91069 |
||
| 035 | _a(NLR Aleph) 000933474 | ||
| 090 |
_a174612 _c174612 |
||
| 100 | _a20060506d2006 |||y0rusy50 ca | ||
| 101 | 0 | _arus | |
| 102 | _aRU | ||
| 105 | _aa ||||||||| | ||
| 200 | 1 |
_aБухгалтерский учет _eучебник _eдля студентов учреждений среднего профессионального образования по специальности 080110 "Экономика и бухгалтерский учет (по отраслям)" _fВ.В. Патров, В.А. Быков |
|
| 210 |
_aМосква _cМЦФЭР _d2006 |
||
| 215 |
_a414,[1] с. _cил. _d21 |
||
| 225 | 1 | _aОсновы мастерства | |
| 320 | _aБиблиогр. в подстроч. примеч. | ||
| 606 | 1 |
_aБухгалтерский учет _jУчебники для среднего профессионального образования _yРоссийская Федерация _92073607 _3RU\NLR\auth\661248526 |
|
| 686 | _aУ052.9(2)2я723 | ||
| 700 | 1 |
_4070 _8rus _7ca _aПатров _bВ. В. _gВиктор Владимирович _3RU\NLR\auth\776780 _9116728 |
|
| 701 | 1 |
_4070 _8rus _7ca _aБыков _bВ. А. _f1974- _cканд. экон. наук _gВасилий Александрович _3RU\NLR\auth\7754663 _937595 |
|
| 801 | 0 |
_aRU _bNLR _c20060506 _grcr |
|
| 801 | 1 |
_aRU _bNLR _c20060506 |
|
| 830 | _a2-й авт. по кн. | ||
| 942 | _cBOOK | ||
| 980 | _aNB | ||